|
|
|
|
| LEADER |
01838cas a2200241 a 4500 |
| 001 |
AALejournalIMF010038 |
| 008 |
230101c9999 xx r poo 0 0eng d |
| 020 |
|
|
|c 5.00 USD
|
| 020 |
|
|
|z 9781451960624
|
| 022 |
|
|
|a 1018-5941
|
| 040 |
|
|
|a BD-DhAAL
|c BD-DhAAL
|
| 110 |
2 |
|
|a International Monetary Fund.
|
| 245 |
1 |
0 |
|a Are Sovereign Debt Secondary Market Returns Sensitive to Macroecoriomic Fundamentals? :
|b Evidence from the Contemporary and Interwar Markets.
|
| 264 |
|
1 |
|a Washington, D.C. :
|b International Monetary Fund,
|c 1990.
|
| 300 |
|
|
|a 1 online resource (32 pages)
|
| 490 |
1 |
|
|a IMF Working Papers
|
| 500 |
|
|
|a <strong>Off-Campus Access:</strong> No User ID or Password Required
|
| 500 |
|
|
|a <strong>On-Campus Access:</strong> No User ID or Password Required
|
| 506 |
|
|
|a Electronic access restricted to authorized BRAC University faculty, staff and students
|
| 520 |
3 |
|
|a The insensitivity of sovereign loan secondary market returns to macroeconomic fundamentals has been attributed to market illiquidity and the absence of publicly reported transactional prices. During the 1920s and 1930s sovereign bonds were traded in an active market and weekly transactional prices were publicly available. This paper shows that price changes from both eras are insensitive to unexpected changes in key external and country-specific macroeconomic aggregates, but that returns are moved by individual agent announcements that presage changes in future lending. The results, which contrast with studies of U.S. equities, indicate that the sovereignty of the issuer matters more than the type of debt contract.
|
| 538 |
|
|
|a Mode of access: Internet
|
| 830 |
|
0 |
|a IMF Working Papers; Working Paper ;
|v No. 1990/069
|
| 856 |
4 |
0 |
|z Full text available on IMF
|u http://elibrary.imf.org/view/journals/001/1990/069/001.1990.issue-069-en.xml
|z IMF e-Library
|